|
|
|
|
| LEADER |
01037nam a2200265 a 4500 |
| 001 |
448957 |
| 008 |
090622s1978 xxca b z000 0 eng d |
| 010 |
|
|
|a abn83020727
|
| 020 |
|
|
|a 0889361622
|
| 040 |
|
|
|a NWU
|c NWU
|
| 082 |
0 |
0 |
|a 333.79/09172/4
|2 19
|
| 100 |
1 |
|
|a Barnett, Andrew
|
| 245 |
1 |
0 |
|a Biogas technology in the Third World :
|b a multidisciplinary review /
|c Andrew Barnett, Leo Pyle, S.K. Subramanian.
|
| 260 |
|
|
|a Canada :
|b International Development Research Centre
|c 1978.
|
| 300 |
|
|
|a 132 p. ;
|c 23 cm.
|
| 500 |
|
|
|a "IDRC-103c."
|
| 504 |
|
|
|a Bibliography: p. 127-132
|
| 541 |
1 |
|
|e 00000349
|
| 650 |
|
0 |
|a Power resources
|z Developing countries.
|
| 650 |
|
0 |
|a Biomass energy
|z Developing countries.
|
| 700 |
1 |
|
|a Pyle, Leo.
|
| 700 |
1 |
|
|a Subramanian, S. K.
|
| 852 |
4 |
|
|a Ayesha Abed Library
|j General shelf
|
| 999 |
|
|
|c 1629
|d 1629
|
| 952 |
|
|
|0 0
|1 0
|2 ddc
|4 0
|6 333_790917240000000_BAR
|7 0
|9 1495
|a BRACUL
|b BRACUL
|c GEN
|d 2009-06-28
|g 0.00
|l 0
|o 333.79091724 BAR
|p 3010000349
|r 2009-06-28
|t 1
|w 2009-06-28
|y BK
|x No price found in the accession register.
|